Třmenová mikrometrická měřidla s rozšířenými doteky. STN 25 1455 : Účinnost: 1.7.1976

Uložené v:
Podrobná bibliografia
Médium: Kniha
Jazyk:Czech
Vydavateľské údaje: Praha : Úřad pro normalizaci a měření, [1975]
Predmet:
Tagy: Pridať tag
Žiadne tagy, Buďte prvý, kto otaguje tento záznam!

MARC

LEADER 00000nam a22000003a 4500
001 stu79904
005 20150408175432.4
008 030318s1975----cs------------------cze-d
040 |a STU  |b slo 
041 0 |a cze 
044 |a cs 
080 |a 531.714.7 
245 |a Třmenová mikrometrická měřidla s rozšířenými doteky. STN 25 1455 :  |b Účinnost: 1.7.1976 
260 |a Praha :  |b Úřad pro normalizaci a měření,  |c [1975] 
300 |a 4 s 
650 7 |a meradlá mikrometrické  |2 stusub 
996 |b 284M039611  |c M*N-576-1  |l MMKN  |s A  |a 24  |w stu79904_0001